000 00321 a2200133 4500
000 nam a22 7a 4500
100 _aVerma, Amit S
110 _aVerma, Amit S
245 _aAmbedkar aur samaj
250 _aLatest edition
260 _bVenus Publications
_c2025
264 _bVenus Publications
_c2025
942 _cBK
999 _c394270
_d394270